Epekto ng K-Pop sa Kulturang Filipino/ (Record no. 77657)

MARC details
000 -LEADER
fixed length control field 01184nam a22002657i 4500
003 - CONTROL NUMBER IDENTIFIER
control field URS
005 - DATE AND TIME OF LATEST TRANSACTION
control field 20240416181801.0
008 - FIXED-LENGTH DATA ELEMENTS--GENERAL INFORMATION
fixed length control field 200302b ||||| |||| 00| 0 eng d
050 00 - LIBRARY OF CONGRESS CALL NUMBER
Classification number HD 4839
Item number M41 2018
100 1# - MAIN ENTRY--PERSONAL NAME
Personal name Mata, Delie Ann V.
245 10 - TITLE STATEMENT
Title Epekto ng K-Pop sa Kulturang Filipino/
Statement of responsibility, etc. Mata, Delie Ann V., Temones, Lea V., Yepes, Lovely Jane M.
260 ## - PUBLICATION, DISTRIBUTION, ETC.
Date of publication, distribution, etc. 2018
300 ## - PHYSICAL DESCRIPTION
Extent x, 156 leaves:
Other physical details illustrations,
Dimensions 28 cm.
336 ## - CONTENT TYPE
Source rdacontent
Content type term text
337 ## - MEDIA TYPE
Source rdamedia
Media type term unmediated
338 ## - CARRIER TYPE
Source rdacarrier
Carrier type term volume
502 ## - DISSERTATION NOTE
Dissertation note Undergraduate Study Thesis
Degree type Batsilyer ng Edukasyong Pangsekundarya
Name of granting institution University of Rizal System
Year degree granted 2018
520 ## - SUMMARY, ETC.
Summary, etc. Layunin ng pag-aaral na ito na malaman ang epekto ng K-Pop sa Kulturang Filipino sa mga piling mag-aaral sa ikapito hanggang ikasampung antas na may kabuuang bilang na tatlumpu sa General Licerio Geronimo Memorial National High School.
650 10 - SUBJECT ADDED ENTRY--TOPICAL TERM
Topical term or geographic name entry element Labor and laboring classesDictionaries--Philippines.
700 1# - ADDED ENTRY--PERSONAL NAME
Personal name Mata, Delie Ann V.
700 1# - ADDED ENTRY--PERSONAL NAME
Personal name Yepes, Lovely Jane M.
700 1# - ADDED ENTRY--PERSONAL NAME
Personal name Temones, Lea V.
856 ## - ELECTRONIC LOCATION AND ACCESS
Materials specified Online Request for Student Unpublished Works
Uniform Resource Identifier <a href="https://forms.gle/7LqvGGkaDrUQqz429">https://forms.gle/7LqvGGkaDrUQqz429</a>
942 ## - ADDED ENTRY ELEMENTS (KOHA)
Source of classification or shelving scheme Library of Congress Classification
Koha item type Theses and dissertations

No items available.

University of Rizal System
Email us at univlibservices@urs.edu.ph

Visit our Website www.urs.edu.ph/library